00862nam a2200241Ia 4500001000700000003000500007008004100012010001100053020007500064040000900139082001200148100002300160245011800183250001100301260004200312300001100354500007200365503005100437504003800488650002400526700003500550700003500585Z_1159CHAP220113s9999 xx 000 0 und d a164243 a0-87041-137-3 (obra original) / 968-426-293-0 (versión en español) cCHAP a612 G35 aGanong, William F. aFisiología médica /cWilliam F. Ganong; traductor Ingrid Mascher Gramlich; revisión Héctor Brust Carmona a9a ed. aMéxico :bEl Manual Moderno,c  a682 p. aTítulo original de la obra : Review of medical physiology de 1983 aej.1: s/n \ ej.2: C/E repocisión \ ej.3: s/n aIncluye bibliografía e índice aFisiología humana a Brust Carmona, Héctor, rev. aMascher Gramlich, Ingrid, tr.